zpět

Detail výsledku týmu

Restaurace Náhon, Vsetín

Datum a čas kvízu

19.5 Celkem bodů Celkový počet nahraných bodů na tomto kvízu bez doplňovacích otázek.
4. Pořadí na kvízu Konečné umístění týmu na tomto kvízu.

Zaznamenané odpovědi

# Otázka Odpověď Body Výsledky
1. Minulý týden navštívili Pražsk... Argentina, Slovensko 0.5
2. V médiích se minulý týden obje... nafukovací panna 0
3. Originál ilustrace od kreslíře... Harry Potter a kámen mudrců 0
4. Ve čtvrtek byla veřejnosti pře... v Ostravě 1
5. Z pondělí na úterý se konalo f... Florida Panthers, Edmonton Oilers 1
6. Dobytek se tradičně rozděloval... brav 0
7. Jak se jmenuje zobrazené oblíb... kamerunská ovce (djallonké) 0
8. Které z následujících tvrzení... D 0
9. Jak se jmenuje člověkem vyhube... pratur 0
10. Zvířata, která mají vlnu, vylu... lanolin 0